| 000 | 00732nam a22002297a 4500 | ||
|---|---|---|---|
| 999 |
_c160581 _d160581 |
||
| 005 | 20190205144441.0 | ||
| 006 | a|||||f|||| 00| 0 | ||
| 007 | tc | ||
| 008 | 180720b xxu||||| |||| 00| 0 eng d | ||
| 010 | _aBR-003051-BR-003052 | ||
| 020 | _c05.00 | ||
| 035 | _aBR-003051 | ||
| 037 | _bA.I.C.B. | ||
| 082 | _a600 | ||
| 100 | _aYadav, Mahendra | ||
| 245 |
_aFrom atom to naino tech _cby Mahendra Yadav |
||
| 260 |
_aNew Delhi _bA.C.I.B. _cN.D. |
||
| 270 |
_aSector-5, Rohini, _b New Delhi _e110085 |
||
| 300 |
_a2V.,various pages. _c30cm (HB). |
||
| 942 |
_2ddc _cBRLEN _h600 _mYAD |
||